Graphs, Algorithms, and Optimization

Enregistré dans:
Détails bibliographiques
Auteur principal: Kocay, William
Format: Livre
Langue:Undetermined
Publié: New York Chapman & Hall/CRC 2005
Sujets:
Tags: Ajouter un tag
Pas de tags, Soyez le premier à ajouter un tag!
Thư viện lưu trữ: Trung tâm Học liệu Trường Đại học Cần Thơ
LEADER 00522nam a2200193Ia 4500
001 CTU_88484
008 210402s9999 xx 000 0 und d
020 |c 67.79 
082 |a 511.5 
082 |b K76 
100 |a Kocay, William 
245 0 |a Graphs, Algorithms, and Optimization 
245 0 |c William Kocay, Donald L. Kreher 
260 |a New York 
260 |b Chapman & Hall/CRC 
260 |c 2005 
650 |a Graph algorithms 
904 |i Năm,Hải 
980 |a Trung tâm Học liệu Trường Đại học Cần Thơ